| 000 | 00503 a2200157 4500 | ||
|---|---|---|---|
| 020 | _a 8170293367 | ||
| 082 | _a 005.32 THA | ||
| 090 |
_c2529 _d2529 |
||
| 100 | _aThakkar, Kaushai. | ||
| 245 |
_aWorking with Unix _cKaushai Thakkar, |
||
| 260 |
_aNew Delhi: _bBPB Publications, _c1993. |
||
| 300 |
_axviii, 523p. : _bill. ; _c20 cm. |
||
| 500 | _aIncludes Index | ||
| 650 | _a1.UNIX(Computer file)--Handbooks, manuals,etc.2.Operating systems(Computers)--Handbooks, manuals,etc. | ||
| 942 |
_cBK _k005.432 THA |
||
| 999 |
_c6454 _d6454 |
||